[Event "Reykjavik op"]
[White "Olafsson, Thorvadur F"]
[Black "Traustason, Ingi Tandri"]
[Site "Reykjavik"]
[Round "3"]
[Result "1-0"]
[Date "2012.03.08"]
[WhiteElo "2147"]
[BlackElo "1824"]
[PlyCount "121"]
[EventDate "2012.03.06"]
[EventType "swiss"]
[EventRounds "9"]
[EventCountry "ISL"]
[SourceTitle "CBM 147 Extra"]
[Source "ChessBase"]
[SourceDate "2012.04.24"]
[SourceVersion "1"]
[SourceVersionDate "2012.04.24"]
[SourceQuality "1"]

1. e4 c5 2. Nf3 d6 3. d4 cxd4 4. Nxd4 Nf6 5. Nc3 a6 6. Be3 e5 7. Nf3 Be7 8. Bc4 Nc6 9. Nd5 Nxd5 10. Bxd5 0-0 11. c3 Kh8 12. Qb3 Na5 13. Qb6 Qxb6 14. Bxb6 Nc6 15. 0-0-0 Bg4 16. Rd3 Rac8 17. Kb1 f5 18. Nd2 fxe4 19. Nxe4 Bf5 20. f3 Rf6 21. Rhd1 h6 22. Nxf6 Bxd3+ 23. Rxd3 gxf6 24. Be6 Re8 25. Bh3 Bd8 26. Be3 Bc7 27. Bxh6 Kh7 28. Be3 Kg6 29. Bd7 Rh8 30. Bg1 Ne7 31. g4 Kf7 32. Ba4 Ng6 33. Bb3+ Ke7 34. Rd2 Nf4 35. Bc2 Rh3 36. Bd1 Ne6 37. Rg2 Nf4 38. Rd2 Kf7 39. Be3 Ng6 40. Bg1 Ke7 41. c4 Nf4 42. c5 d5 43. Be3 e4 44. Bxf4 Bxf4 45. Rxd5 exf3 46. Rf5 Be5 47. Rxf3 Rxf3 48. Bxf3 Bxh2 49. Bxb7 a5 50. a3 Bg1 51. b4 axb4 52. axb4 Kd7 53. Kc2 Ke6 54. Kd3 Kd7 55. Kc4 Kc7 56. Be4 Be3 57. b5 Kd7 58. Bd5 Bf2 59. b6 Be3 60. Kb5 Bd4 61. c6+ 1-0

[Event "ISL-chT 1011"]
[White "Gunnarsson, Gunnar K"]
[Black "Traustason, Ingi Tandri"]
[Site "Reykjavik"]
[Round "7.2"]
[Result "1-0"]
[Date "2011.03.05"]
[WhiteElo "2221"]
[BlackElo "1808"]
[PlyCount "65"]
[EventDate "2010.10.08"]
[EventType "team-tourn"]
[EventRounds "9"]
[EventCountry "ISL"]
[SourceTitle "EXT 2012"]
[Source "ChessBase"]
[SourceDate "2011.11.24"]
[SourceVersion "1"]
[SourceVersionDate "2011.11.24"]
[SourceQuality "1"]
[WhiteTeam "KR CC"]
[BlackTeam "Haukar"]
[WhiteTeamCountry "ISL"]
[BlackTeamCountry "ISL"]

1. e4 c5 2. Nf3 d6 3. d4 cxd4 4. Nxd4 Nf6 5. Nc3 a6 6. Be3 e5 7. Nf3 Be6 8. Ng5 b5 9. Be2 Be7 10. h4 Qc8 11. Nxe6 Qxe6 12. Nd5 Nxd5 13. exd5 Qc8 14. a4 b4 15. a5 Nd7 16. Ra4 Qb7 17. Qd2 Rb8 18. Qd3 Nc5 19. Bxc5 dxc5 20. Qxa6 Qxd5 21. 0-0 0-0 22. Rd1 Qe4 23. Qc4 Qxh4 24. a6 e4 25. a7 Ra8 26. g3 Qg5 27. Qxe4 c4 28. Rd5 Qc1+ 29. Kg2 Bf6 30. Bxc4 Qxb2 31. Rd7 Kh8 32. Rxf7 Rfd8 33. Bd5 1-0

[Event "ISL-chT 1011"]
[White "Johannesson, Ingvar Thor"]
[Black "Traustason, Ingi Tandri"]
[Site "Reykjavik"]
[Round "6.4"]
[Result "1-0"]
[Date "2011.03.05"]
[WhiteElo "2328"]
[BlackElo "1808"]
[PlyCount "69"]
[EventDate "2010.10.08"]
[EventType "team-tourn"]
[EventRounds "9"]
[EventCountry "ISL"]
[SourceTitle "EXT 2012"]
[Source "ChessBase"]
[SourceDate "2011.11.24"]
[SourceVersion "1"]
[SourceVersionDate "2011.11.24"]
[SourceQuality "1"]
[WhiteTeam "TV"]
[BlackTeam "Haukar"]
[WhiteTeamCountry "ISL"]
[BlackTeamCountry "ISL"]

1. c4 c5 2. g3 g6 3. Bg2 Bg7 4. Nc3 Nc6 5. a3 Nf6 6. Rb1 0-0 7. b4 cxb4 8. axb4 d6 9. Nf3 Bf5 10. d3 d5 11. b5 Na5 12. cxd5 Nxd5 13. Nxd5 Qxd5 14. Bd2 Qd8 15. Nh4 Be6 16. Qa4 b6 17. Bxa8 Qxa8 18. 0-0 Nb7 19. Be3 Nd6 20. Rfc1 Bh3 21. f3 Qd5 22. Bf2 g5 23. Ng2 Qb7 24. Ne3 h5 25. Rc6 Qd7 26. Rbc1 Rd8 27. Qb3 Be6 28. Qb4 Ra8 29. d4 Qe8 30. d5 Bd7 31. Nc4 Bxc6 32. dxc6 Nxc4 33. Qxc4 Rc8 34. Qd5 Bf6 35. Rd1 1-0

[Event "ISL-chT2 1011"]
[White "Traustason, Ingi Tandri"]
[Black "Lagerman, Robert"]
[Site "Reykjavik"]
[Round "2.4"]
[Result "1/2-1/2"]
[Date "2010.10.09"]
[WhiteElo "1808"]
[BlackElo "2273"]
[PlyCount "86"]
[EventDate "2010.10.08"]
[EventType "team"]
[EventRounds "7"]
[EventCountry "ISL"]
[SourceTitle "EXT 2014"]
[Source "ChessBase"]
[SourceDate "2013.11.20"]
[SourceVersion "1"]
[SourceVersionDate "2013.11.20"]
[SourceQuality "1"]

1. d4 Nf6 2. c4 c5 3. Nf3 g6 4. Nc3 Bg7 5. d5 d6 6. e4 b5 7. Bd3 bxc4 8. Bxc4 0-0 9. Qe2 Nbd7 10. 0-0 Nb6 11. Bd3 e6 12. Bg5 exd5 13. Nxd5 Nbxd5 14. exd5 Re8 15. Qc2 Qb6 16. Bxf6 Bxf6 17. Rab1 Bd7 18. b3 a5 19. a4 Rab8 20. Nd2 Qc7 21. Rbe1 Qb7 22. Bc4 Bf5 23. Qd1 Qb4 24. Nf3 Qc3 25. Rxe8+ Rxe8 26. Re1 Rb8 27. Re3 Qc2 28. Qe1 Qb1 29. Qxb1 Bxb1 30. Re2 Kg7 31. h3 h5 32. Kf1 g5 33. g4 Bg6 34. Kg2 Kf8 35. Kg3 h4+ 36. Kg2 Re8 37. Rxe8+ Kxe8 38. Kf1 Be4 39. Ke2 Ke7 40. Ke3 Bc2 41. Kd2 Be4 42. Ke3 Bc2 43. Kd2 Be4 1/2-1/2

[Event "ISL-chT 0910"]
[White "Traustason, Ingi Tandri"]
[Black "Arngrimsson, Dagur"]
[Site "Reykjavik"]
[Round "3"]
[Result "0-1"]
[Date "2009.09.26"]
[WhiteElo "1788"]
[BlackElo "2396"]
[PlyCount "80"]
[EventDate "2009.09.25"]
[EventType "team-tourn"]
[EventRounds "7"]
[EventCountry "ISL"]
[SourceTitle "CBM 132 Extra"]
[Source "ChessBase"]
[SourceDate "2009.11.03"]
[SourceVersion "1"]
[SourceVersionDate "2009.11.03"]
[SourceQuality "1"]

1. d4 d5 2. c4 c6 3. Nf3 Nf6 4. Nc3 dxc4 5. a4 Bf5 6. Ne5 Nbd7 7. Nxc4 Nb6 8. e3 e6 9. Be2 Be7 10. 0-0 0-0 11. Ne5 Nbd5 12. f3 Nb4 13. e4 Bg6 14. Be3 Nd7 15. Nxg6 hxg6 16. Qb3 a5 17. Rad1 Qc7 18. d5 exd5 19. exd5 Bd6 20. f4 Rae8 21. Rf3 Rxe3 22. Rxe3 Qb6 23. Ne4 Bxf4 24. Kf2 Bxe3+ 25. Qxe3 Qxe3+ 26. Kxe3 Nxd5+ 27. Kd4 Re8 28. Bc4 N7b6 29. Bb3 Re7 30. Rf1 Kf8 31. Rf2 f6 32. g4 Ke8 33. Bd1 Kd8 34. b3 Kc7 35. Be2 g5 36. Bd3 Nd7 37. h3 Ne5 38. Bf1 b6 39. Ng3 Rd7 40. Nf5 c5+ 0-1

[Event "Reykjavik Meistaramot Hellis op"]
[White "Traustason, Ingi Tandri"]
[Black "Magnusson, Patrekur Maron"]
[Site "Reykjavik"]
[Round "7"]
[Result "0-1"]
[Date "2009.02.23"]
[WhiteElo "1750"]
[BlackElo "1902"]
[PlyCount "120"]
[EventDate "2009.02.02"]
[EventType "swiss"]
[EventRounds "7"]
[EventCountry "ISL"]
[SourceTitle "EXT 2010"]
[Source "ChessBase"]
[SourceDate "2010.11.25"]
[SourceVersion "1"]
[SourceVersionDate "2010.11.25"]
[SourceQuality "1"]

1. d4 d5 2. c4 c6 3. Nc3 dxc4 4. a4 e5 5. e3 exd4 6. Qxd4 Qxd4 7. exd4 Be6 8. Nf3 Bb4 9. a5 Ne7 10. Ne5 0-0 11. Bxc4 Bxc4 12. Nxc4 Rd8 13. Be3 Nd5 14. Bd2 Na6 15. 0-0-0 Rac8 16. Kb1 Nac7 17. Ne4 Bf8 18. Nc5 Bxc5 19. dxc5 Nb5 20. Ne3 Rd7 21. Nxd5 Rxd5 22. Be3 Rcd8 23. Rxd5 Rxd5 24. Kc2 f6 25. b4 a6 26. Rd1 Rxd1 27. Kxd1 Kf7 28. Kd2 Ke6 29. Kd3 Kd5 30. g3 f5 31. h4 h5 32. f3 Na3 33. Bd4 g6 34. Bg7 Nc4 35. Ba1 Ne5+ 36. Ke3 Nf7 37. Kd3 g5 38. Bg7 gxh4 39. gxh4 Nd8 40. Bc3 Ne6 41. Bf6 Nf4+ 42. Ke3 Ng6 43. Kd3 f4 44. Kc3 Ke6 45. Bg5 Ne5 46. Bxf4 Nxf3 47. Bg3 Kf5 48. Kd3 Kg4 49. Bf2 Nxh4 50. Ke4 Ng6 51. Bg1 h4 52. Bh2 Ne7 53. Ke5 Nd5 54. Kd6 Kh3 55. Be5 Kg2 56. b5 axb5 57. a6 bxa6 58. Kxc6 Nb4+ 59. Kb6 h3 60. Ka5 Nc6+ 0-1

[Event "Reykjavik-ch"]
[White "Stefansson, Fridrik Thjalfi"]
[Black "Traustason, Ingi Tandri"]
[Site "Reykjavik"]
[Round "7"]
[Result "1/2-1/2"]
[Date "2009.01.25"]
[WhiteElo "1640"]
[BlackElo "1750"]
[PlyCount "73"]
[EventDate "2009.01.11"]
[EventType "swiss"]
[EventRounds "9"]
[EventCountry "ISL"]
[SourceTitle "EXT 2010"]
[Source "ChessBase"]
[SourceDate "2010.11.25"]
[SourceVersion "1"]
[SourceVersionDate "2010.11.25"]
[SourceQuality "1"]

1. e4 c5 2. Nc3 a6 3. Nge2 b5 4. g3 Bb7 5. Bg2 e6 6. 0-0 Nf6 7. d3 h6 8. h3 Qb6 9. Be3 Nc6 10. Qd2 Nd4 11. Nd1 Be7 12. c3 Nxe2+ 13. Qxe2 d5 14. e5 Nd7 15. f4 Qc7 16. Nf2 Nf8 17. d4 c4 18. g4 a5 19. a3 Ng6 20. Nh1 Qd7 21. Ng3 Nh4 22. f5 a4 23. Nh5 Rg8 24. Qf2 Bg5 25. Qd2 Bxe3+ 26. Qxe3 exf5 27. Nxg7+ Rxg7 28. Qxh6 Rg8 29. Qxh4 fxg4 30. e6 fxe6 31. hxg4 Qg7 32. Rf6 0-0-0 33. Rxe6 Qxg4 34. Qxg4 Rxg4 35. Rf1 Rdg8 36. Rf2 R4g6 37. Rxg6 1/2-1/2

[Event "ISL-chB"]
[White "Sigurdsson, Jakob Saevar"]
[Black "Traustason, Ingi Tandri"]
[Site "Reykjavik"]
[Round "5"]
[Result "0-1"]
[Date "2008.08.31"]
[WhiteElo "1860"]
[BlackElo "1774"]
[PlyCount "52"]
[EventDate "2008.08.27"]
[EventType "swiss"]
[EventRounds "9"]
[EventCountry "ISL"]
[SourceTitle "EXT 2010"]
[Source "ChessBase"]
[SourceDate "2010.11.25"]
[SourceVersion "1"]
[SourceVersionDate "2010.11.25"]
[SourceQuality "1"]

1. e4 c5 2. Nf3 d6 3. d4 cxd4 4. Nxd4 Nf6 5. Nc3 a6 6. Bc4 e6 7. Bb3 Be7 8. g4 Nc6 9. g5 Nd7 10. Bxe6 fxe6 11. Nxe6 Qa5 12. Nxg7+ Kf7 13. Nf5 Nde5 14. Nxd6+ Bxd6 15. Qxd6 Nf3+ 16. Kf1 Bh3+ 17. Ke2 Ncd4+ 18. Kd1 Rhd8 19. Qf6+ Kg8 20. Nd5 Rxd5 21. exd5 Qxd5 22. Be3 Nb3+ 23. Ke2 Qc4+ 24. Kd1 Nxa1 25. Qxf3 Rd8+ 26. Bd2 Qxc2+ 0-1

[Event "Politiken Cup 29th"]
[White "Tocklin, Tomi"]
[Black "Traustason, Ingi Tandri"]
[Site "Copenhagen"]
[Round "10"]
[Result "1-0"]
[Date "2007.07.29"]
[WhiteElo "1943"]
[BlackElo "1782"]
[PlyCount "131"]
[EventDate "2007.07.21"]
[EventType "swiss"]
[EventRounds "10"]
[EventCountry "DEN"]
[SourceTitle "CBM 119 Extra"]
[Source "ChessBase"]
[SourceDate "2007.09.04"]
[SourceVersion "1"]
[SourceVersionDate "2007.09.04"]
[SourceQuality "1"]

1. e4 c5 2. Nf3 d6 3. Bb5+ Nc6 4. 0-0 a6 5. Bxc6+ bxc6 6. d4 cxd4 7. Qxd4 Qc7 8. c4 c5 9. Qd3 e5 10. Nc3 Be6 11. Ng5 Nf6 12. f4 exf4 13. Bxf4 h6 14. Nxe6 fxe6 15. e5 dxe5 16. Qg6+ Qf7 17. Qxf7+ Kxf7 18. Bxe5 Be7 19. Ne4 Rad8 20. Nxf6 gxf6 21. Bc3 Rd3 22. Rad1 Rhd8 23. Rxd3 Rxd3 24. Kf2 Kg6 25. Re1 Kf7 26. Ke2 Rd7 27. Rf1 Rd8 28. Rf3 Rg8 29. Kf2 Rd8 30. Ke2 Rg8 31. g3 Rd8 32. Bd2 Kg6 33. Ra3 Rd6 34. Rb3 Rc6 35. Rb7 Bf8 36. g4 h5 37. gxh5+ Kxh5 38. Rf7 Bd6 39. Rxf6 Be5 40. Rh6+ Kg4 41. b3 Kf5 42. h3 Rc8 43. Rh5+ Kf6 44. h4 Ra8 45. Bg5+ Kg6 46. Rh6+ Kf5 47. Be3 Bd4 48. h5 a5 49. Rg6 Bxe3 50. Kxe3 a4 51. Rg2 axb3 52. axb3 Rb8 53. Rb2 Kg5 54. Ke4 Kxh5 55. Ke5 Rb6 56. Rd2 Rxb3 57. Kxe6 Kg6 58. Rg2+ Kh7 59. Kd5 Rc3 60. Kxc5 Rh3 61. Kd5 Rd3+ 62. Kc6 Re3 63. c5 Re1 64. Kd6 Rd1+ 65. Kc7 Rc1 66. c6 1-0

[Event "Politiken Cup 29th"]
[White "Traustason, Ingi Tandri"]
[Black "Tuomisto, Keijo"]
[Site "Copenhagen"]
[Round "9"]
[Result "1/2-1/2"]
[Date "2007.07.28"]
[WhiteElo "1782"]
[BlackElo "1965"]
[PlyCount "29"]
[EventDate "2007.07.21"]
[EventType "swiss"]
[EventRounds "10"]
[EventCountry "DEN"]
[SourceTitle "CBM 119 Extra"]
[Source "ChessBase"]
[SourceDate "2007.09.04"]
[SourceVersion "1"]
[SourceVersionDate "2007.09.04"]
[SourceQuality "1"]

1. d4 Nf6 2. c4 g6 3. Nc3 Bg7 4. e4 d6 5. f4 0-0 6. Nf3 c6 7. Be2 Bg4 8. Be3 Qa5 9. 0-0 Nbd7 10. h3 Bxf3 11. Bxf3 e6 12. e5 Ne8 13. Ne4 Qc7 14. b4 d5 15. cxd5 1/2-1/2